Sports Quiz

Random Sports or Country Quiz

Famous footballers Quiz Stats

 Plays Quiz not verified by Sporcle

Support Sporcle.
Go Orange.
Score 0/11 Timer 03:00
0 Plays Today
team footballer % Correct
Manchester UnitedRyan Giggs
83.9%
LA GalaxyDavid Beckham
82%
ChelseaDidier Drogba
78.3%
LiverpoolSteven Gerrard
75.2%
(classic-no longer plays)Pele
74.5%
New York Red BullsThierry Henry
65.2%
ChelseaMichael Essien
55.9%
Real MadridMesut Ozil
47.8%
BarcelonaDavid Villa
39.8%
Real MadridKaka
36%
(classic-no longer plays)Diego Maradonna
29.2%

You're not logged in!

Compare scores with friends on all Sporcle quizzes.
OR
Log In

From the Vault

Most Recent President Containing Each Letter

by caramba

We keep trying Bartlet to no avail.
Remove Ads.
Support Sporcle.
Get the best of Sporcle when you Go Orange. This ad-free experience offers more features, more stats, and more fun while also helping to support Sporcle. Thank you for becoming a member.

Show Comments

Extras

Top Quizzes Today


Score Distribution

Your Account Isn't Verified!

In order to create a playlist on Sporcle, you need to verify the email address you used during registration. Go to your Sporcle Settings to finish the process.

Report this User

Report this user for behavior that violates our Community Guidelines.

Details: